| Tag |
First Indicator |
Second Indicator |
Subfields |
| LEADER |
00000cam a2200000 4500 |
| 001 |
in00000082710 |
| 005 |
20151008053107.0 |
| 008 |
800515s1958 gw a b 00000 ger c |
| 010 |
|
|
|a a 59006844
|
| 035 |
|
|
|a (OCoLC)06320172
|
| 035 |
|
|
|9 AAH6186AM
|
| 040 |
|
|
|a Rochester. Univ. Libr.
|c TXA
|d UtOrBLW
|
| 049 |
|
|
|a TXAM
|c [292658]
|
| 050 |
|
0 |
|a HE151
|
| 090 |
|
|
|a HE151
|b .P74 1958
|
| 092 |
|
|
|a 385
|b P923v
|
| 100 |
1 |
|
|a Predöhl, Andreas,
|d 1893-
|
| 245 |
1 |
0 |
|a Verkehrspolitik.
|
| 264 |
|
1 |
|a Gottingen :
|b Vandenhoeck & Ruprecht,
|c 1958.
|
| 300 |
|
|
|a 360 pages :
|b tables. ;
|c 24 cm.
|
| 336 |
|
|
|a text
|b txt
|2 rdacontent
|
| 337 |
|
|
|a unmediated
|b n
|2 rdamedia
|
| 338 |
|
|
|a volume
|b nc
|2 rdacarrier
|
| 490 |
0 |
|
|a Grundriss der Sozialwissenschaft, 15
|
| 504 |
|
|
|a Bibliography: pages 338-352.
|
| 650 |
|
0 |
|a Transportation.
|
| 999 |
|
|
|a MARS
|
| 999 |
f |
f |
|s 1be3f2a4-866c-3c77-8f5f-473f03d79539
|i abd1df35-c0c3-384a-b350-0841b4064b81
|t 0
|
| 952 |
f |
f |
|p ric
|a Texas A&M University
|b Rellis Campus
|c Joint Library Facility
|d Remote Storage
|t 0
|e HE151 .P74 1958
|h Library of Congress classification
|i unmediated -- volume
|m A14800878434
|
| 998 |
f |
f |
|a HE151 .P74 1958
|t 0
|l Remote Storage
|